[Event "Superettan(Rockaden II,Sthlm-Passanten)"]
[Site "?"]
[Date "2008.02.24"]
[Round "6"]
[White "Johansson, Robin"]
[Black "Ekelund, Peter"]
[Result "1-0"]
[WhiteElo "2281"]
[BlackElo "2153"]
[PlyCount "65"]
[EventDate "2008.??.??"]

1. e4 c5 2. Nf3 e6 3. b4 cxb4 4. a3 Nc6 5. axb4 Nxb4 6. c3 Nc6 7. d4 d5 8. e5
Bd7 9. Bd3 Nge7 10. Ba3 Ng6 11. Bxf8 Kxf8 12. g3 Nge7 13. Na3 a6 14. h4 h6 15.
h5 b5 16. Nc2 a5 17. O-O Nf5 18. Bxf5 exf5 19. Ne3 Ne7 20. Qb3 Bc6 21. Qa3 Qd7
22. e6 Qxe6 23. Rfe1 Qf6 24. Ne5 Kg8 25. Nxc6 Nxc6 26. Nxd5 Qd8 27. Qc5 Rc8 28.
Qxb5 Kh7 29. Nf4 Re8 30. Qxf5+ Kg8 31. Nd3 Rxe1+ 32. Rxe1 Ne7 33. Rxe7 1-0

[Event "Superettan(Rockaden II,Sthlm-Passanten)"]
[Site "?"]
[Date "2008.02.24"]
[Round "6"]
[White "Loven, Anders"]
[Black "Einarsson, Bergsteinn"]
[Result "1/2-1/2"]
[WhiteElo "2117"]
[BlackElo "2276"]
[PlyCount "82"]
[EventDate "2008.??.??"]

1. Nf3 c5 2. c4 Nf6 3. Nc3 g6 4. e4 d6 5. d4 cxd4 6. Nxd4 Bg7 7. Be2 O-O 8. Be3
Nc6 9. Qd2 Bd7 10. O-O Rc8 11. Rfd1 Ne5 12. b3 Re8 13. f3 Bc6 14. Rac1 a6 15.
Nxc6 Nxc6 16. Na4 Nd7 17. Bf1 Qa5 18. Qxa5 Nxa5 19. Rd5 Nc6 20. Rdd1 Na5 21. g3
Nc6 22. Bh3 Rcd8 23. Bxd7 Rxd7 24. c5 Ne5 25. Kf2 dxc5 26. Nxc5 Rc7 27. Ke2 a5
28. Nd3 Nc6 29. Nc5 Rec8 30. Na4 Nd4+ 31. Kf2 e5 32. Nb6 Rc2+ 33. Rxc2 Rxc2+
34. Rd2 Rc6 35. Nc4 b6 36. Nxe5 Bxe5 37. Bxd4 Bxd4+ 38. Rxd4 Rc2+ 39. Ke3 Rxa2
40. Rd8+ Kg7 41. Rb8 Ra3 1/2-1/2

[Event "Superettan(Rockaden II,Sthlm-Passanten)"]
[Site "?"]
[Date "2008.02.24"]
[Round "6"]
[White "Olofsson, Dan"]
[Black "Danielsson, Robert"]
[Result "1-0"]
[WhiteElo "2235"]
[BlackElo "2003"]
[PlyCount "111"]
[EventDate "2008.??.??"]

1. e4 c5 2. Nf3 Nc6 3. Bb5 g6 4. O-O Bg7 5. Bxc6 dxc6 6. h3 e5 7. d3 Qe7 8. Nc3
Nf6 9. Be3 O-O 10. Qd2 Re8 11. Bg5 Qd6 12. Qe3 Nd7 13. Nd2 f6 14. Bh6 Nf8 15.
Nc4 Qe7 16. Bxg7 Kxg7 17. f4 exf4 18. Qxf4 Ne6 19. Qg3 Nd4 20. Rf2 Be6 21. Ne3
Rad8 22. Raf1 Rf8 23. Kh1 Rf7 24. Ne2 Nxe2 25. Rxe2 Qd6 26. Nf5+ Bxf5 27. Qxd6
Rxd6 28. exf5 gxf5 29. Rxf5 Rd5 30. Rf3 Rd4 31. c3 Rd6 32. Kg1 Rfd7 33. Ree3
Kf7 34. Kf2 Re6 35. Rf4 Rxe3 36. Kxe3 Re7+ 37. Re4 Rd7 38. g4 Rd5 39. h4 Rd7
40. a4 b6 41. a5 Rd5 42. axb6 axb6 43. Ra4 Rd7 44. Ra6 Rb7 45. Kf4 Ke6 46. h5
Ke7 47. Kf5 Kf7 48. h6 Ke7 49. Ra8 Rd7 50. Rh8 Kd6 51. Kxf6 Kd5 52. g5 c4 53.
dxc4+ Kxc4 54. Rxh7 Rxh7 55. Kg6 Ra7 56. h7 1-0

[Event "Superettan(Rockaden II,Sthlm-Passanten)"]
[Site "?"]
[Date "2008.02.24"]
[Round "6"]
[White "Jordas, Ingvar"]
[Black "Sandbom, Jonas"]
[Result "0-1"]
[WhiteElo "1887"]
[BlackElo "2199"]
[PlyCount "50"]
[EventDate "2008.??.??"]

1. e4 c5 2. b3 Nc6 3. Bb2 e5 4. Bb5 d6 5. c4 f5 6. Nc3 Nf6 7. d3 Be7 8. Nge2
O-O 9. Bxc6 bxc6 10. O-O f4 11. f3 h5 12. g3 g5 13. gxf4 gxf4 14. Kh1 Kf7 15.
Qd2 Nh7 16. Nd1 Bh3 17. Nf2 Bxf1 18. Rxf1 Ng5 19. Ng1 Qd7 20. Bc3 Rg8 21. Rd1
Rg7 22. Qb2 Rag8 23. Qa3 Qe6 24. Qxa7 Qg6 25. Ng4 hxg4 0-1

[Event "Superettan(Upsala II-Manhem II)"]
[Site "?"]
[Date "2008.03.07"]
[Round "7"]
[White "Fendrich, David"]
[Black "Svensson, Mans"]
[Result "1-0"]
[WhiteElo "2300"]
[BlackElo "2245"]
[PlyCount "123"]
[SourceDate "2008.03.15"]

1. c4 e5 2. g3 Nc6 3. Bg2 f5 4. Nc3 Nf6 5. d3 Bb4 6. Bd2 O-O 7. e3 Bxc3 8. Bxc3
d5 9. cxd5 Nxd5 10. Nf3 Qd6 11. Qb3 Kh8 12. Nxe5 Nxc3 13. Nxc6 f4 14. Qxc3 fxe3
15. fxe3 bxc6 16. Rf1 Bg4 17. Kd2 Rad8 18. Bxc6 Qh6 19. h4 Bf5 20. d4 Rf6 21.
Bf3 Rfd6 22. Ke2 Qg6 23. Rg1 Bg4 24. Bxg4 Qxg4+ 25. Kd2 Qe4 26. Raf1 Rc6 27.
Qd3 Qd5 28. Qa3 Rcd6 29. Rf4 c5 30. Rgf1 Rf6 31. Qb3 Qg2+ 32. Kc1 cxd4 33. Rxf6
gxf6 34. Rd1 Rc8+ 35. Kb1 Qe4+ 36. Qd3 Qxe3 37. Qxe3 dxe3 38. Re1 Re8 39. Kc2
Kg7 40. Kd3 Rb8 41. b3 Rd8+ 42. Kxe3 h5 43. Rc1 Rd7 44. Rc5 Kg6 45. Ra5 Rc7 46.
Kd4 Re7 47. b4 Rc7 48. a4 Rd7+ 49. Rd5 Rc7 50. Rc5 Rd7+ 51. Kc4 Re7 52. Kb5 Re3
53. Ka6 Rxg3 54. b5 Rg4 55. a5 Ra4 56. Rc7 f5 57. Rxa7 f4 58. Rc7 f3 59. Rc2
Rxh4 60. Rf2 Rf4 61. b6 Kg5 62. b7 1-0

[Event "Superettan(Upsala II-Manhem II)"]
[Site "?"]
[Date "2008.03.07"]
[Round "7"]
[White "Johansson, Thomas"]
[Black "Andersson, Goran"]
[Result "1/2-1/2"]
[WhiteElo "2195"]
[BlackElo "2190"]
[PlyCount "73"]

1. d4 Nf6 2. c4 g6 3. Nc3 Bg7 4. e4 d6 5. f3 O-O 6. Nge2 a6 7. Be3 Nc6 8. Qd2
Rb8 9. Rb1 b5 10. cxb5 axb5 11. b4 Bd7 12. d5 Ne5 13. Nd4 Rb7 14. Be2 c5 15.
dxc6 Nxc6 16. Ndxb5 Qb8 17. O-O Rc8 18. a4 Ne5 19. Rfc1 Nc4 20. Bxc4 Rxc4 21.
Qd3 Rc8 22. Bd4 Be6 23. Qe3 Rc4 24. Ne2 Rxc1+ 25. Rxc1 Qa8 26. Nec3 Bc4 27. e5
dxe5 28. Bxe5 Rd7 29. Qc5 Bxb5 30. Nxb5 Qd8 31. Qc8 Rd1+ 32. Kf2 Rd2+ 33. Ke1
Rd1+ 34. Kf2 Rd2+ 35. Ke1 Rd1+ 36. Ke2 Rd2+ 37. Ke1 1/2-1/2

[Event "Superettan(Upsala II-Manhem II)"]
[Site "?"]
[Date "2008.03.07"]
[Round "7"]
[White "Backlund, Anders"]
[Black "Johansson, Carl Fredrik"]
[Result "0-1"]
[WhiteElo "2276"]
[BlackElo "2205"]
[PlyCount "70"]

1. e4 c5 2. Nf3 d6 3. d4 cxd4 4. Nxd4 Nf6 5. Nc3 g6 6. Be3 Bg7 7. f3 O-O 8. Qd2
Nc6 9. O-O-O Bd7 10. h4 Rc8 11. g4 Qa5 12. Nb3 Qc7 13. h5 Ne5 14. Be2 b5 15.
hxg6 fxg6 16. g5 b4 17. Nb5 Bxb5 18. gxf6 Bxe2 19. Qxe2 Bxf6 20. f4 Nc4 21. Bd4
e5 22. fxe5 Nxe5 23. Kb1 a5 24. Be3 Nc4 25. Bd4 a4 26. Nc5 Nxb2 27. Ne6 Qc4 28.
Qxc4 Nxc4 29. Nxf8 Na3+ 30. Kb2 Rxc2+ 31. Ka1 Rc1+ 32. Kb2 Rc2+ 33. Ka1 b3 34.
axb3 axb3 35. Bxf6 Ra2# 0-1

[Event "Superettan(Upsala II-Manhem II)"]
[Site "?"]
[Date "2008.03.07"]
[Round "7"]
[White "Cederberg, Karl-Olof"]
[Black "Eriksson, Mats"]
[Result "1/2-1/2"]
[WhiteElo "2220"]
[BlackElo "2197"]
[PlyCount "112"]

1. e4 e5 2. Nf3 Nc6 3. Bb5 Bc5 4. O-O Nd4 5. Nxd4 Bxd4 6. c3 Bb6 7. d4 c6 8.
Ba4 d6 9. Bc2 Ne7 10. Be3 O-O 11. f4 exd4 12. Bxd4 d5 13. f5 dxe4 14. Bxe4 Nd5
15. Na3 Re8 16. Bxd5 Qxd5 17. Bxb6 Qxd1 18. Raxd1 axb6 19. Nc4 Rxa2 20. Rd2 g6
21. g4 Re4 22. f6 h5 23. Rd8+ Kh7 24. Rxc8 Rxc4 25. g5 Rxb2 26. Rf8 Rg4+ 27.
Kh1 Rxg5 28. Rxf7+ Kh6 29. Rg1 Rf5 30. Rf8 g5 31. f7 g4 32. Rh8+ Kg7 33. f8=Q+
Rxf8 34. Rxh5 Kg6 35. Rh4 Rf4 36. Rhxg4+ Rxg4 37. Rxg4+ Kf5 38. Rg7 Rc2 39.
Rxb7 b5 40. Rf7+ Kg4 41. Rg7+ Kf3 42. Rg3+ Kf4 43. Kg1 c5 44. Rh3 c4 45. Kf1
Kg4 46. Rg3+ Kh4 47. Kg1 Rb2 48. Rg8 Rb3 49. Rb8 Kg4 50. Kf2 Kf4 51. Ke2 Rb2+
52. Kd1 Ke3 53. Rh8 b4 54. Rh3+ Ke4 55. Rh4+ Kd5 56. Rh5+ Ke4 1/2-1/2

[Event "Superettan(Upsala II-Manhem II)"]
[Site "?"]
[Date "2008.03.07"]
[Round "7"]
[White "Bergre, Joachim"]
[Black "Styf, Josef"]
[Result "0-1"]
[WhiteElo "2128"]
[BlackElo "2080"]
[PlyCount "64"]

1. e4 d6 2. d4 Nf6 3. Nc3 g6 4. Be3 Bg7 5. Qd2 c6 6. f3 Nbd7 7. h4 Qa5 8. Nge2
b5 9. g4 b4 10. Nd1 h6 11. Ng3 c5 12. c3 bxc3 13. Qxc3 Qb6 14. dxc5 dxc5 15.
Qd2 Ne5 16. Be2 Ba6 17. O-O Rd8 18. Qc2 Bxe2 19. Nxe2 Nd3 20. Nc1 Nxc1 21. Rxc1
Nd7 22. b4 Qxb4 23. Rb1 Qa5 24. Qc4 Qc7 25. Kg2 O-O 26. Nf2 Rb8 27. Nd3 Rfc8
28. Bf4 e5 29. Be3 Nb6 30. Qxc5 Qd8 31. Rxb6 Rxc5 32. Rxb8 Rc2+ 0-1

[Event "Superettan(Upsala II-Manhem II)"]
[Site "?"]
[Date "2008.03.07"]
[Round "7"]
[White "Fallman, Micael"]
[Black "Lundstrom, Mattias"]
[Result "1-0"]
[WhiteElo "2097"]
[BlackElo "2042"]
[PlyCount "133"]

1. d4 d5 2. Nf3 c6 3. c4 e6 4. cxd5 exd5 5. Nc3 Nf6 6. Bg5 Be7 7. e3 h6 8. Bh4
Bf5 9. Be2 Nbd7 10. O-O O-O 11. h3 Bd6 12. Bd3 Bxd3 13. Qxd3 Qe8 14. Bxf6 Nxf6
15. Nd2 Qe6 16. Rae1 Bc7 17. a3 Rfe8 18. f4 Rad8 19. Qe2 b6 20. b4 Qe7 21. Nb3
Rd6 22. Rf3 Ne4 23. Nxe4 Qxe4 24. Rc1 Qe7 25. Rc3 Bb8 26. Qc2 Qb7 27. Nc1 Rc8
28. Nd3 Rdd8 29. Ne5 Bxe5 30. fxe5 Qd7 31. Rf1 Rc7 32. Rc1 Rdc8 33. Qa4 b5 34.
Qd1 Qf5 35. Qf3 Qxf3 36. gxf3 Kf8 37. Kf2 Ke7 38. Rg1 g6 39. h4 h5 40. Rgc1 Kd7
41. e4 dxe4 42. fxe4 Re8 43. Ke3 Re6 44. Rg1 Rc8 45. Rc2 Ke7 46. Rf2 Rg8 47.
Rgf1 Rg7 48. Rf6 Rh7 49. Rxe6+ fxe6 50. Rf6 Rg7 51. Kf4 Rg8 52. Kg5 Rd8 53.
Kxg6 Rxd4 54. Rf7+ Ke8 55. Rf4 a5 56. bxa5 Ra4 57. Kxh5 Rxa3 58. Kg6 b4 59. Rf1
Rxa5 60. Kf6 c5 61. h5 c4 62. h6 Ra2 63. Rh1 Rf2+ 64. Kxe6 Rf8 65. h7 Rh8 66.
Ra1 Kf8 67. Kf6 1-0

[Event "Superettan(Upsala II-Manhem II)"]
[Site "?"]
[Date "2008.03.07"]
[Round "7"]
[White "Andersson, Kaj"]
[Black "Fernandez, Juan Pablo"]
[Result "0-1"]
[WhiteElo "2095"]
[BlackElo "1990"]
[PlyCount "110"]
[EventDate "2008.??.??"]

1. d4 Nf6 2. c4 e6 3. Nc3 Bb4 4. Bd2 Nc6 5. Nf3 O-O 6. e3 d6 7. Qc2 e5 8. a3
Bxc3 9. Bxc3 Qe7 10. d5 Nb8 11. Be2 Na6 12. b4 c5 13. O-O Bg4 14. e4 Rac8 15.
b5 Nb8 16. Ne1 Bxe2 17. Qxe2 Nbd7 18. Nc2 Rfe8 19. Ne3 g6 20. Rad1 Nxe4 21. Be1
f5 22. f3 Nef6 23. Bh4 Qg7 24. Kh1 f4 25. Nc2 Qh6 26. Be1 Nh5 27. Kg1 Ng7 28.
g4 fxg3 29. hxg3 Nf5 30. Qg2 Nd4 31. Bd2 Qg7 32. Ne3 Nf6 33. Rf2 e4 34. f4 Nf3+
35. Kf1 Nh5 36. Bc1 Qd7 37. Bb2 Ng7 38. Qh1 Nf5 39. Nxf5 Qxf5 40. Qh6 Qf7 41.
Kg2 Nd4 42. Bxd4 cxd4 43. Rxd4 Qf6 44. Rd1 e3 45. Re2 Rxc4 46. Rd3 Qf5 47.
Rdxe3 Rxe3 48. Rxe3 Qxd5+ 49. Kf2 Rc2+ 50. Re2 Qd4+ 51. Kf3 Qd3+ 52. Re3 Qd5+
53. Re4 Qd1+ 54. Ke3 Re2+ 55. Kf3 Rh2+ 0-1

[Event "Superettan(Upsala II-Manhem II)"]
[Site "?"]
[Date "2008.03.07"]
[Round "7"]
[White "Dolata, Henryk"]
[Black "Aaltonen, Kristian"]
[Result "1-0"]
[WhiteElo "2069"]
[BlackElo "1967"]
[PlyCount "109"]

1. e4 c5 2. c3 Nf6 3. e5 Nd5 4. d4 e6 5. Nf3 cxd4 6. cxd4 Nc6 7. Bc4 d6 8. Qe2
Be7 9. O-O O-O 10. Qe4 Ncb4 11. Na3 a6 12. Bd2 Rb8 13. Rac1 b5 14. Bb3 Bb7 15.
Nc2 dxe5 16. dxe5 Nb6 17. Qe2 Nd3 18. Rb1 Nc4 19. Bc3 Nf4 20. Qe1 Bc5 21. Rd1
Qe7 22. Ncd4 Rfd8 23. Bxc4 bxc4 24. Qe3 Nd5 25. Qe2 Nxc3 26. bxc3 Bxf3 27. Nxf3
Qc7 28. Rxd8+ Rxd8 29. Rd1 Rxd1+ 30. Qxd1 h6 31. h4 Qb6 32. Qc2 Ba3 33. Qe4 Qb2
34. Qxc4 Qb1+ 35. Kh2 Qc2 36. Qb3 Qc1 37. c4 Qf4+ 38. g3 Qe4 39. Qxa3 Qxc4 40.
Qb3 Qc6 41. Kg2 a5 42. h5 a4 43. Qb8+ Kh7 44. Qd6 Qb7 45. Qf8 Qd7 46. g4 Qb7
47. Kg3 Qc7 48. g5 hxg5 49. Nxg5+ Kh6 50. Nxf7+ Kxh5 51. Qxg7 Qc3+ 52. Kh2 Qd2
53. Qh7+ Kg4 54. Qh3+ Kf4 55. Qh6+ 1-0

[Event "Superettan(Farsta-Orgryte)"]
[Site "?"]
[Date "2008.03.07"]
[Round "7"]
[White "Ziegler, Ari"]
[Black "Jaderberg, Bjorn"]
[Result "1-0"]
[WhiteElo "2419"]
[BlackElo "2242"]
[PlyCount "123"]

1. b3 e5 2. Bb2 d6 3. e3 Nf6 4. c4 Nc6 5. d3 g6 6. g3 Bg4 7. Qd2 d5 8. h3 Be6
9. a3 Bg7 10. Ne2 O-O 11. Bg2 Re8 12. O-O Qd7 13. Kh2 Rad8 14. Rd1 h5 15. Qc1
dxc4 16. bxc4 Na5 17. Bxe5 Ng4+ 18. hxg4 Bxe5 19. d4 Nb3 20. Qc3 Nxa1 21. Nd2
Bg7 22. gxh5 c5 23. Nf3 Qa4 24. Qxa1 Bxc4 25. Nc3 Qc2 26. Rd2 Qf5 27. hxg6 Qxg6
28. Qc1 cxd4 29. exd4 Qh6+ 30. Kg1 Bxd4 31. Nd1 Be2 32. Nxd4 Rxd4 33. Ne3 Rxd2
34. Qxd2 Qa6 35. Qd4 Qd3 36. Qxa7 b5 37. Qc5 Re6 38. Qc1 Qb3 39. Nf5 Kh7 40.
Nd4 Qd3 41. Nxe6 fxe6 42. Qf4 Kg7 43. Be4 Qd1+ 44. Kh2 Qd4 45. Qe3 Qb2 46. Qg5+
Kf8 47. Bg6 Bf3 48. Qf4+ Kg7 49. Qxf3 Kxg6 50. Qe3 Kf7 51. g4 e5 52. Kg3 Kg6
53. Qb6+ Kg7 54. Qc7+ Kg6 55. Qd6+ Kg7 56. g5 Qc3+ 57. Kg2 e4 58. Qh6+ Kf7 59.
Qh7+ Kf8 60. Qxe4 Qxa3 61. Qf3+ Qxf3+ 62. Kxf3 1-0

[Event "Superettan(Farsta-Orgryte)"]
[Site "?"]
[Date "2008.03.07"]
[Round "7"]
[White "Hjelm, Niclas"]
[Black "Frisk Kockum, Anton"]
[Result "1/2-1/2"]
[WhiteElo "2367"]
[BlackElo "2337"]
[PlyCount "67"]

1. e4 e6 2. d4 d5 3. Nd2 Nc6 4. Ngf3 Nf6 5. e5 Nd7 6. Nb3 a5 7. a4 Be7 8. Bb5
Ncb8 9. O-O b6 10. Bd2 Ba6 11. Qe2 c6 12. Bxa6 Nxa6 13. c4 dxc4 14. Qxc4 Ndb8
15. h4 h6 16. Rfe1 Qd5 17. Qc2 O-O 18. Re4 Nb4 19. Bxb4 axb4 20. Nfd2 b5 21. a5
Rc8 22. Rd1 Qd8 23. g3 Na6 24. Ree1 Ra7 25. Ne4 Rd7 26. Rd2 Rd5 27. Red1 Rc7
28. Rd3 Qc8 29. Qe2 Qd8 30. R3d2 Rcd7 31. Qe3 Rc7 32. Qe2 Rcd7 33. Qe3 Rc7 34.
Qe2 1/2-1/2

[Event "Superettan(Farsta-Orgryte)"]
[Site "?"]
[Date "2008.03.07"]
[Round "7"]
[White "Ostberg, Peter"]
[Black "Backelin, Rikard"]
[Result "0-1"]
[WhiteElo "2236"]
[BlackElo "2404"]
[PlyCount "48"]

1. d4 Nf6 2. Nf3 e6 3. c4 c5 4. d5 b5 5. Bg5 h6 6. Bxf6 Qxf6 7. Qc2 bxc4 8. Nc3
Na6 9. e4 Nb4 10. Qd2 Ba6 11. Rd1 Nd3+ 12. Bxd3 cxd3 13. e5 Qf5 14. O-O Be7 15.
Rfe1 O-O 16. Re4 exd5 17. Ra4 Bb7 18. Rf4 Qg6 19. h3 d4 20. Nb5 Qc6 21. Rg4 f5
22. exf6 Rxf6 23. Na3 Rxf3 24. gxf3 Qxf3 0-1

[Event "Superettan(Farsta-Orgryte)"]
[Site "?"]
[Date "2008.03.07"]
[Round "7"]
[White "Lindeman, Sven"]
[Black "Rolen, Magnus"]
[Result "1/2-1/2"]
[WhiteElo "2208"]
[BlackElo "2199"]
[PlyCount "62"]

1. e4 Nc6 2. Nf3 Nf6 3. e5 Ng4 4. d4 d6 5. h3 Nh6 6. Bb5 a6 7. Bxc6+ bxc6 8. c4
e6 9. O-O Nf5 10. Qc2 Be7 11. b3 O-O 12. Bb2 Bb7 13. Nbd2 a5 14. a4 Qc8 15. Bc3
c5 16. dxc5 dxe5 17. Nxe5 Bxc5 18. Rfe1 Rd8 19. Ne4 Bd4 20. Nf3 c5 21. Bxd4
Nxd4 22. Nxd4 Rxd4 23. Ng5 g6 24. Ne4 Qc6 25. f3 Rad8 26. Qc3 Qc7 27. Nf6+ Kg7
28. Ne4 Kg8 29. Nf6+ Kg7 30. Ne4 Kg8 31. Nf6+ Kg7 1/2-1/2

[Event "Superettan(Farsta-Orgryte)"]
[Site "?"]
[Date "2008.03.07"]
[Round "7"]
[White "Eksmyr, Johan"]
[Black "Hedin, Gunnar"]
[Result "1/2-1/2"]
[WhiteElo "2152"]
[BlackElo "2200"]
[PlyCount "200"]

1. d4 f5 2. Nc3 Nf6 3. Bg5 d5 4. Bxf6 exf6 5. e3 c6 6. Qf3 Be6 7. Bd3 g6 8.
Nge2 Bd6 9. h3 Na6 10. Nf4 Qe7 11. g4 Nb4 12. Nxe6 Nxd3+ 13. cxd3 fxg4 14. Nxd5
gxf3 15. Nxe7 Kxe7 16. Nc5 Bxc5 17. dxc5 Rad8 18. d4 g5 19. O-O-O h5 20. Rhg1
h4 21. e4 b6 22. cxb6 axb6 23. Kc2 Rd7 24. Kd3 c5 25. d5 Ra8 26. a3 Kd6 27. Ke3
Ra4 28. Kxf3 Re7 29. Rg4 b5 30. Rd3 Re5 31. Rb3 f5 32. exf5 Rxf5+ 33. Kg2 Rxg4+
34. hxg4 Rf4 35. f3 b4 36. a4 Kxd5 37. Re3 c4 38. Kf2 Kd4 39. Ke2 c3 40. b3 h3
41. Re8 Rf7 42. Rd8+ Ke5 43. Re8+ Kf6 44. Rh8 Rd7 45. Rxh3 Rd2+ 46. Ke3 Rb2 47.
a5 Rxb3 48. a6 c2+ 49. Kd2 Rc3 50. Rh1 Rc8 51. Kc1 b3 52. Rh6+ Ke5 53. Rb6 Ra8
54. Rxb3 Rxa6 55. Rb5+ Kf6 56. Rf5+ Kg6 57. Kxc2 Rd6 58. Kc3 Rd8 59. Kc4 Rd1
60. Rd5 Rc1+ 61. Kd4 Rd1+ 62. Ke5 Re1+ 63. Kd6 Re3 64. Rf5 Re1 65. Re5 Rd1+ 66.
Ke7 Ra1 67. Kf8 Ra8+ 68. Re8 Ra6 69. Re3 Rf6+ 70. Ke7 Rf7+ 71. Ke6 Ra7 72. Rd3
Ra1 73. Rd6 Re1+ 74. Kd5+ Kg7 75. Re6 Ra1 76. Rd6 Ra5+ 77. Ke4 Ra4+ 78. Rd4 Ra6
79. Ke5 Ra3 80. Rd7+ Kg6 81. Rd6+ Kg7 82. Kf5 Rxf3+ 83. Kxg5 Rf7 84. Rg6+ Kh7
85. Rf6 Ra7 86. Kh5 Kg7 87. Rg6+ Kh7 88. Rh6+ Kg7 89. Rb6 Ra4 90. Rb7+ Kg8 91.
g5 Ra6 92. Rc7 Rb6 93. Re7 Ra6 94. Kg4 Rb6 95. Kf5 Ra6 96. Re6 Ra8 97. Kg6 Rb8
98. Rd6 Ra8 99. Kh6 Rb8 100. g6 Ra8 1/2-1/2

[Event "Superettan(Farsta-Orgryte)"]
[Site "?"]
[Date "2008.03.07"]
[Round "7"]
[White "Wieweg, Johnny"]
[Black "Arnelind, Mikael"]
[Result "1-0"]
[WhiteElo "2121"]
[BlackElo "2155"]
[PlyCount "72"]

1. e4 e6 2. d4 d5 3. e5 c5 4. c3 Nc6 5. Nf3 Bd7 6. Be2 Qc7 7. O-O f6 8. Re1
fxe5 9. Nxe5 Nxe5 10. dxe5 g6 11. Bf4 Bg7 12. Bg4 Ne7 13. Nd2 O-O 14. Bg3 Nf5
15. Nf3 Qb6 16. Qd2 Bh6 17. Qc2 Rac8 18. Rad1 Qa5 19. b3 b5 20. Bxf5 gxf5 21.
Bh4 b4 22. c4 d4 23. Ng5 Qd8 24. Rd3 Qe8 25. Rg3 Kh8 26. Nf3 Rg8 27. Bf6+ Bg7
28. Qd2 Bxf6 29. exf6 Rxg3 30. hxg3 Bc6 31. Ne5 Ba8 32. Qh6 Rc7 33. f7 Rxf7 34.
Nxf7+ Qxf7 35. Rxe6 Kg8 36. Qg5+ Kf8 1-0

[Event "Superettan(Farsta-Orgryte)"]
[Site "?"]
[Date "2008.03.07"]
[Round "7"]
[White "Tibell, Ingemar"]
[Black "Lagerborg, Krister"]
[Result "0-1"]
[WhiteElo "2033"]
[BlackElo "2070"]
[PlyCount "80"]

1. e4 c5 2. Nf3 d6 3. d4 cxd4 4. Nxd4 Nf6 5. Nc3 a6 6. g3 e5 7. Nde2 Be6 8. Bg2
Nbd7 9. O-O b5 10. h3 Rc8 11. Be3 Be7 12. g4 Nb6 13. b3 O-O 14. Rc1 b4 15. Nd5
Nbxd5 16. exd5 Bd7 17. Qd2 Bb5 18. Rfe1 Bxe2 19. Qxe2 Qa5 20. Red1 Qxa2 21. g5
Nd7 22. Be4 Nc5 23. Bf5 Nxb3 24. Bxc8 Nxc1 25. Qxa6 Ne2+ 26. Qxe2 Rxc8 27. Rd2
Qc4 28. Qxc4 Rxc4 29. Kg2 f5 30. gxf6 gxf6 31. f3 f5 32. Kf1 Kg7 33. Rg2+ Kf7
34. Rd2 Rc3 35. Re2 f4 36. Bd2 Rxf3+ 37. Kg2 Rg3+ 38. Kh2 b3 39. cxb3 Rxb3 40.
Be1 Rd3 0-1

[Event "Superettan(Farsta-Orgryte)"]
[Site "?"]
[Date "2008.03.07"]
[Round "7"]
[White "Iversen, Kent"]
[Black "Lejhall, Jens"]
[Result "1-0"]
[WhiteElo "2031"]
[BlackElo "2023"]
[PlyCount "99"]
[EventDate "2008.??.??"]

1. d4 Nf6 2. Nf3 g6 3. g3 Bg7 4. Bg2 O-O 5. c4 d5 6. O-O dxc4 7. Qa4 c5 8. dxc5
Nc6 9. Qxc4 Be6 10. Qh4 h5 11. Nc3 Qa5 12. Ng5 Bd7 13. Rd1 Rad8 14. h3 Qxc5 15.
a3 Bf5 16. Be3 Qe5 17. Bf4 Qa5 18. e4 Bc8 19. Nd5 Nxd5 20. exd5 Nd4 21. Bd2 Qb5
22. Bb4 Nf5 23. Qe4 Bf6 24. Qf4 a5 25. Bc3 Qb6 26. Ne4 Bg7 27. Bxg7 Kxg7 28. g4
hxg4 29. hxg4 Nh6 30. Qe5+ f6 31. Qxe7+ Rf7 32. Qc5 Qxc5 33. Nxc5 Nxg4 34. Ne6+
Bxe6 35. dxe6 Rxd1+ 36. Rxd1 Re7 37. Bxb7 Ne5 38. Bd5 Rc7 39. b4 axb4 40. axb4
Kf8 41. b5 Rc5 42. b6 Rb5 43. b7 Ke7 44. Ra1 Kd6 45. Rd1 Ke7 46. Kg2 g5 47. Ra1
Nd3 48. Ra7 Kd6 49. e7 Nf4+ 50. Kh2 1-0

[Event "Superettan(Rockaden II,Sthlm-Eksjo)"]
[Site "?"]
[Date "2008.03.07"]
[Round "7"]
[White "Schussler, Harry"]
[Black "Livner, Anders"]
[Result "1/2-1/2"]
[WhiteElo "2445"]
[BlackElo "2412"]
[PlyCount "39"]
[EventDate "2008.??.??"]

1. d4 d5 2. c4 dxc4 3. Nc3 Nf6 4. e4 e5 5. Nf3 exd4 6. Qxd4 Qxd4 7. Nxd4 Bc5 8.
Ndb5 Na6 9. Bf4 Be6 10. Bxc7 O-O 11. Be2 Nb4 12. O-O a6 13. Bd6 Bxd6 14. Nxd6
b5 15. a4 Rfd8 16. e5 Nc2 17. Rad1 Nd7 18. axb5 Nxe5 19. bxa6 Nd3 20. Nb7
1/2-1/2

[Event "Superettan(Rockaden II,Sthlm-Eksjo)"]
[Site "?"]
[Date "2008.03.07"]
[Round "7"]
[White "Blomqvist, Erik"]
[Black "Vernersson, Per"]
[Result "1-0"]
[WhiteElo "2379"]
[BlackElo "2468"]
[PlyCount "47"]
[EventDate "2008.??.??"]

1. e4 c6 2. d4 d5 3. Nc3 dxe4 4. Nxe4 Nd7 5. Ng5 Ngf6 6. Bd3 e6 7. N1f3 Bd6 8.
Qe2 h6 9. Ne4 Nxe4 10. Qxe4 Qc7 11. O-O c5 12. b3 Nf6 13. Qh4 b6 14. Bb2 Ke7
15. c4 Bd7 16. dxc5 bxc5 17. Rfe1 g5 18. Qh3 Rag8 19. Ne5 h5 20. Rad1 Rh6 21.
Bc2 Bc8 22. Re2 Qb6 23. Red2 Rd8 24. Qe3 1-0

[Event "Superettan(Rockaden II,Sthlm-Eksjo)"]
[Site "?"]
[Date "2008.03.07"]
[Round "7"]
[White "Ornstein, Axel"]
[Black "Orndahl, Markus"]
[Result "1-0"]
[WhiteElo "2445"]
[BlackElo "2306"]
[PlyCount "51"]
[EventDate "2008.??.??"]

1. e4 e6 2. d4 d5 3. Nc3 Nf6 4. Bg5 dxe4 5. Nxe4 Be7 6. Bxf6 Bxf6 7. Nf3 Nd7 8.
Qd2 b6 9. Bb5 Bb7 10. Nxf6+ gxf6 11. Qf4 c6 12. Bd3 Qb8 13. Qg3 Ke7 14. O-O-O
Rg8 15. Qh4 h5 16. g3 c5 17. Be2 c4 18. Rhe1 Bd5 19. Ne5 Qc7 20. Bf3 Bxf3 21.
Nxf3 c3 22. d5 cxb2+ 23. Kb1 Qc5 24. dxe6 fxe6 25. Qe4 Rac8 26. Qh7+ 1-0

[Event "Superettan(Rockaden II,Sthlm-Eksjo)"]
[Site "?"]
[Date "2008.03.07"]
[Round "7"]
[White "Zadruzny, Nicolaj"]
[Black "de Verdier, Michael"]
[Result "1/2-1/2"]
[WhiteElo "2306"]
[BlackElo "2253"]
[PlyCount "41"]
[EventDate "2008.??.??"]

1. d4 Nf6 2. Bg5 e6 3. e4 h6 4. Bxf6 Qxf6 5. c3 d5 6. Nd2 c5 7. Ngf3 cxd4 8.
Nxd4 Nc6 9. exd5 exd5 10. Bb5 Be7 11. O-O O-O 12. Re1 Nxd4 13. cxd4 Bb4 14. Re5
Be6 15. Nf1 Bd6 16. Re1 Rac8 17. Ne3 g6 18. Be2 Bb4 19. Rf1 Ba5 20. Bf3 Rcd8
21. Qd3 1/2-1/2

[Event "Superettan(Rockaden II,Sthlm-Eksjo)"]
[Site "?"]
[Date "2008.03.07"]
[Round "7"]
[White "Thornert, Hakan"]
[Black "Lissang, Christopher"]
[Result "0-1"]
[WhiteElo "2240"]
[BlackElo "2289"]
[PlyCount "148"]
[EventDate "2008.??.??"]

1. e4 c5 2. Nf3 d6 3. d4 cxd4 4. Nxd4 Nf6 5. Nc3 a6 6. a4 e5 7. Nf3 Qc7 8. Bg5
Nbd7 9. Nd2 h6 10. Bh4 g5 11. Bg3 Nc5 12. Qf3 Be7 13. Bc4 Bg4 14. Qe3 Ne6 15.
h4 Nd4 16. Rc1 Be6 17. Bxe6 fxe6 18. Nb3 Qc4 19. hxg5 Ng4 20. Qd2 O-O-O 21.
gxh6 Rdg8 22. Rd1 Bg5 23. Qd3 Qxd3 24. Rxd3 Bxh6 25. Nxd4 exd4 26. Rxd4 Bd2+
27. Kxd2 Rxh1 28. Rxd6 Rd8 29. f3 Nh6 30. Ne2 Nf7 31. Rd3 e5 32. Rd5 Rg8 33.
Ke3 Rh5 34. b4 Rhg5 35. Kf2 R8g6 36. b5 axb5 37. axb5 Rg8 38. c4 R8g6 39. c5
Rg8 40. Rd3 R8g7 41. Ra3 Rg8 42. Ra8+ Kd7 43. Ra7 Nd8 44. c6+ Kc8 45. cxb7+ Kb8
46. Ra6 Kxb7 47. Rd6 Kc8 48. Rd5 Nf7 49. b6 R8g7 50. Rb5 Kb7 51. Rd5 Kxb6 52.
Rd7 Kc6 53. Re7 Kd6 54. Ra7 Nd8 55. Ra6+ Kd7 56. Ra5 Nc6 57. Rd5+ Ke8 58. Rd6
R7g6 59. Rd5 Rg7 60. Rc5 Kd7 61. Rc3 R5g6 62. Rb3 Rg5 63. Rb7+ Kc8 64. Rxg7
Rxg7 65. Nc3 Kd7 66. Nd5 Ke6 67. Bh4 Nd4 68. Bd8 Rd7 69. Bb6 Nb5 70. g4 Nd6 71.
Kg3 Nc4 72. Bf2 Nd2 73. f4 Nxe4+ 74. Kf3 Nxf2 0-1

[Event "Superettan(Rockaden II,Sthlm-Eksjo)"]
[Site "?"]
[Date "2008.03.07"]
[Round "7"]
[White "Olofsson, Dan"]
[Black "Andersson, Johan"]
[Result "1-0"]
[WhiteElo "2235"]
[BlackElo "2137"]
[PlyCount "57"]
[EventDate "2008.??.??"]

1. e4 d6 2. d4 Nf6 3. Nc3 c6 4. g3 Nbd7 5. Bg2 e5 6. Nge2 Be7 7. O-O O-O 8. a4
b6 9. b3 Qc7 10. Qd2 Bb7 11. Bb2 a6 12. Nd1 Rfe8 13. c4 Bf8 14. d5 Nc5 15. Qc2
cxd5 16. cxd5 Rac8 17. Ne3 Qb8 18. Nc3 a5 19. Bh3 Ba6 20. Bxc8 Bxf1 21. Rxf1
Rxc8 22. Nc4 Ne8 23. Nb5 Rd8 24. f4 exf4 25. Rxf4 Nc7 26. Nd4 Re8 27. Nf5 Rd8
28. Nh6+ gxh6 29. Qc3 1-0